000 00437nam a2200169Ia 4500
008 230524s9999 xx 000 0 und d
020 _a9780070667266
082 _a4
_bPAI
100 _aG A V Pai
245 0 _a"Data Structures and Algorithms : Concepts, Techniques and Applications"
250 _aIST
260 _aNEW DELHI
_bMGH
_c2009
300 _aXIX;457
500 _aQuantity Number: 52
650 _aComp-Sc
942 _cBK
999 _c46134
_d46134